Нормален изглед
MARC изглед
- изложба
Вход 08. Ключови думи
001 - Контролен номер на записа
- Контролно поле: 391214
003 - Код на организацията, даваща контролен номер
- Контролно поле: BLK
005 - Дата и час на последна промяна на записа
- Контролно поле: 20181204100548.0
008 - Данни с фиксирана дължина – обща информация
- Данни с фиксирана дължина : 181204|| aca||aabn | a|a d
153 ## - Ключови думи
- Ключова дума: изложба
942 ## - Системна служебна употреба
- Koha auth type: KEW